| 000 | 00934nam0a22002651 4500 | ||
|---|---|---|---|
| 001 | RU\NLR\INFOCOMM_190\5000044800 | ||
| 005 | 20250613093426.0 | ||
| 035 | _a(NLR Aleph) 009201641 | ||
| 090 |
_a8693566 _c8693566 |
||
| 100 | _a20100427d1978 |||y0rusy50 ca | ||
| 101 | 1 |
_afre _crus |
|
| 102 | _aRU | ||
| 105 | _aa ||||000|y | ||
| 200 | 1 |
_aL'aube de la conquête du cosmos _fAlexandre Tchijevski _g[Trad. du russe par Alexandre Karvovski] |
|
| 210 |
_aΜ. _cProgrès _dCop.1978 |
||
| 215 |
_a366 с., 9 л. ил. _cил., портр. _d17 см |
||
| 300 | _aВ вып. дан.: На берегу вселенной / А. Л. Чижевский | ||
| 686 |
_aЕ089д(2) _2rubbk |
||
| 700 | 1 |
_9z03790 _aČiževskij _bA. L. _f1897-1964 _gAleksandr Leonidovič _4070 |
|
| 790 | 1 |
_9z03700 _aTchijevski _bA. _gAlexandre _4070 |
|
| 801 | 1 |
_aRU _bNLR _c20100427 |
|
| 801 | 0 |
_aRU _bNLR _gPSBO |
|
| 852 |
_aNLR _jБл01 Д-1/5 |
||
| 942 | _cBOOK | ||
| 980 | _aNB | ||